000 00675nam a2200205Ia 4500
003 GCL
008 140319s9999 xx 000 0 ara d
040 _aGCL /
_cGCL
082 0 4 _a628
_bم ه
100 1 _aمحمد صادق العدوى
245 1 0 _aهندسة التركيبات الصحية:للهندسة المعمارية والهندسة المدنية /
_cمحمد صادق العدوى
260 _a[S.N] :
_bدار الراتب الجامعية
300 _a544.ص
490 _a
650 0 4 _aالهندسة الصحية
650 0 4 _aمصارف المياه
650 0 4 _aالصرف الصحى
650 0 4 _aالصحة العامة
942 _2ddc
_cBK
999 _c48347
_d48347